000 00948nam a2200265 i 4500
003 DO-SdBNP
005 20240314143252.0
007 ta
008 240314b2023 dr acd|| |||| 00| 0 spa d
020 _a9789945186581
040 _aDO-SdBNP
_bspa
_cBNPHU
_erda
082 4 _222
100 1 _aNina Batista, Roberto Antonio,
_eautor
_985049
245 1 0 _aHistoria de la residencia de obstetricia y ginecología hospital central de las fuerzas armadas /
_cRoberto Antonio Nina Batista ; prólogo, Brígido García Sánchez
264 _aSanto Domingo :
_bBúho,
_c2023.
300 _a173 páginas ;
_bilustraciones, retratos, gráficos ;
_c23 cm.
336 _2rdacontent
_atexto
_btxt
337 _2rdamedia
_asin mediación
_bn
338 _2rdacarrier
_avolumen
_bnc
504 _aBibliografía : p. 171-173
590 _aInventariado, 2024/BT
700 1 _aGarcía Sánchez, Brígido,
_eprólogo
_985050
910 _aBtavárez
942 _2ddc
_cLBS1
999 _c56110
_d56110